[路線図付き] JR東日本 成田線(本線・空港支線) 駅名穴埋めクイズ - Statistics

General Stats
  • This quiz has been taken 802 times
  • The average score is 17 of 24
Answers on the Map
Answers color-coded by a green-red scale on the quiz's map according to % correct below.
 
Answer Stats
Answer % Correct
成田線 千葉
98%
成田線 成田
98%
成田線(空港支線) 成田空港
95%
成田線 佐倉
91%
成田線2 銚子
91%
成田線 東千葉
88%
成田線 四街道
86%
成田線 酒々井
85%
成田線(空港支線) 空港第2ビル
85%
成田線 都賀
81%
成田線2 佐原
77%
成田線 物井
76%
成田線2 香取
76%
成田線2 松岸
74%
成田線 下総神崎
59%
成田線2 小見川
52%
成田線 滑河
50%
成田線2 下総橘
50%
成田線 久住
49%
成田線2 水郷
46%
成田線2 大戸
44%
成田線2 下総豊里
44%
成田線2 椎柴
44%
成田線2 笹川
43%
No matching quizzes found
Score Distribution
Percent of People with Each Score
Percentile by Number Answered
Your Score History
You have not taken this quiz